<?xml version="1.0" encoding="UTF-8"?>
<record
    xmlns:xsi="http://www.w3.org/2001/XMLSchema-instance"
    xsi:schemaLocation="http://www.loc.gov/MARC21/slim http://www.loc.gov/standards/marcxml/schema/MARC21slim.xsd"
    xmlns="http://www.loc.gov/MARC21/slim">

  <leader>00986nam a22002897a 4500</leader>
  <controlfield tag="003">DO-SdBNP</controlfield>
  <controlfield tag="005">20211104105655.0</controlfield>
  <controlfield tag="007">ta</controlfield>
  <controlfield tag="008">211104b2007       a|o|d |||| 001 0 spa d</controlfield>
  <datafield tag="020" ind1=" " ind2=" ">
    <subfield code="a">9945170163</subfield>
  </datafield>
  <datafield tag="040" ind1=" " ind2=" ">
    <subfield code="a">DO-SdBNP</subfield>
    <subfield code="b">spa</subfield>
    <subfield code="c">BNPHU</subfield>
  </datafield>
  <datafield tag="082" ind1="4" ind2=" ">
    <subfield code="2">22</subfield>
    <subfield code="a">372.84</subfield>
    <subfield code="b">R426</subfield>
  </datafield>
  <datafield tag="110" ind1="1" ind2=" ">
    <subfield code="a">Rep&#xFA;blica Dominicana. Secretar&#xED;a de Estado de Educaci&#xF3;n</subfield>
    <subfield code="9">607</subfield>
  </datafield>
  <datafield tag="245" ind1="1" ind2="0">
    <subfield code="a">Formaci&#xF3;n integral humana y religiosa : </subfield>
    <subfield code="b">educaci&#xF3;n b&#xE1;sica ; 8vo. grado /</subfield>
    <subfield code="c">Secretar&#xED;a de Estado de Educaci&#xF3;n</subfield>
  </datafield>
  <datafield tag="260" ind1=" " ind2=" ">
    <subfield code="a">Santo Domingo :</subfield>
    <subfield code="b">SM,</subfield>
    <subfield code="c">2007.</subfield>
  </datafield>
  <datafield tag="300" ind1=" " ind2=" ">
    <subfield code="a">128 p. : </subfield>
    <subfield code="b">il.; fot.</subfield>
    <subfield code="c">27 cm</subfield>
  </datafield>
  <datafield tag="500" ind1=" " ind2=" ">
    <subfield code="a">Libro de texto.</subfield>
  </datafield>
  <datafield tag="500" ind1=" " ind2=" ">
    <subfield code="a">Educaci&#xF3;n b&#xE1;sica, 8vo. grado.</subfield>
  </datafield>
  <datafield tag="590" ind1=" " ind2=" ">
    <subfield code="a">Inventariado, 202 /SA</subfield>
  </datafield>
  <datafield tag="650" ind1="4" ind2=" ">
    <subfield code="9">40316</subfield>
    <subfield code="a">Formaci&#xF3;n cristiana</subfield>
  </datafield>
  <datafield tag="650" ind1="4" ind2=" ">
    <subfield code="a">Formaci&#xF3;n integral</subfield>
    <subfield code="x">Humana</subfield>
    <subfield code="9">80479</subfield>
    <subfield code="v">Religiosa</subfield>
  </datafield>
  <datafield tag="700" ind1="1" ind2=" ">
    <subfield code="a">Cort&#xE9;s Soriano, Javier</subfield>
    <subfield code="9">80484</subfield>
  </datafield>
  <datafield tag="700" ind1="1" ind2=" ">
    <subfield code="a">Forcada Gonz&#xE1;lez, Samuel</subfield>
    <subfield code="9">80485</subfield>
  </datafield>
  <datafield tag="700" ind1="1" ind2=" ">
    <subfield code="a">Arnaiz Betolaza, Juan E.</subfield>
    <subfield code="9">80486</subfield>
  </datafield>
  <datafield tag="910" ind1=" " ind2=" ">
    <subfield code="a">Saquino</subfield>
  </datafield>
  <datafield tag="942" ind1=" " ind2=" ">
    <subfield code="2">ddc</subfield>
    <subfield code="c">LBS1</subfield>
  </datafield>
  <datafield tag="952" ind1=" " ind2=" ">
    <subfield code="0">0</subfield>
    <subfield code="1">0</subfield>
    <subfield code="2">ddc</subfield>
    <subfield code="5">1</subfield>
    <subfield code="7">0</subfield>
    <subfield code="8">MO</subfield>
    <subfield code="a">BNPHU</subfield>
    <subfield code="b">PD</subfield>
    <subfield code="c">CT</subfield>
    <subfield code="d">2018-07-06</subfield>
    <subfield code="e">Donado</subfield>
    <subfield code="l">0</subfield>
    <subfield code="o">BNPHU PD 372.84 R426f</subfield>
    <subfield code="p">2021-27818</subfield>
    <subfield code="r">2021-11-04</subfield>
    <subfield code="t">8vo.Grado</subfield>
    <subfield code="w">2021-11-04</subfield>
    <subfield code="y">LBS1</subfield>
    <subfield code="z">S/A</subfield>
  </datafield>
  <datafield tag="952" ind1=" " ind2=" ">
    <subfield code="0">0</subfield>
    <subfield code="1">0</subfield>
    <subfield code="2">ddc</subfield>
    <subfield code="5">1</subfield>
    <subfield code="7">0</subfield>
    <subfield code="8">MO</subfield>
    <subfield code="a">BNPHU</subfield>
    <subfield code="b">PD</subfield>
    <subfield code="c">CT</subfield>
    <subfield code="d">2018-07-06</subfield>
    <subfield code="e">Donado</subfield>
    <subfield code="l">0</subfield>
    <subfield code="o">BNPHU PD 372.84 R426f</subfield>
    <subfield code="p">2021-27819</subfield>
    <subfield code="r">2021-11-04</subfield>
    <subfield code="t">8vo. Grado. e.2</subfield>
    <subfield code="w">2021-11-04</subfield>
    <subfield code="y">LBS1</subfield>
    <subfield code="z">S/A</subfield>
  </datafield>
  <datafield tag="999" ind1=" " ind2=" ">
    <subfield code="c">50873</subfield>
    <subfield code="d">50873</subfield>
  </datafield>
</record>
